[Event "Hamburger Liga Aufstieg"]
[Site "Hamburg"]
[Date "2009.08.23"]
[Round "6.4"]
[White "Schulz, Hans Juergen"]
[Black "Sternberg, Lew"]
[Result "1-0"]
[WhiteElo "2054"]
[BlackElo "2053"]
[PlyCount "123"]
[EventDate "2009.08.08"]
[EventType "swiss"]
[EventRounds "6"]
[EventCountry "GER"]
[SourceTitle "EXT 2022"]
[Source "ChessBase"]
[SourceDate "2021.10.06"]
[SourceVersion "1"]
[SourceVersionDate "2021.10.06"]
[SourceQuality "1"]

1. e4 d6 2. d4 g6 3. Nf3 Bg7 4. h3 Nc6 5. d5 Ne5 6. c4 Bd7 7. Nxe5 Bxe5 8. f4 Bg7 9. Bd3 Bd4 10. Bc2 e5 11. dxe6 Qh4+ 12. Ke2 Qf2+ 13. Kd3 Bxe6 14. Rf1 Qg3+ 15. Qf3 Qxf3+ 16. Rxf3 Bg7 17. f5 Bd7 18. Nc3 Be5 19. fxg6 hxg6 20. Be3 Be6 21. Nb5 Kd7 22. Nd4 Ne7 23. Nxe6 Kxe6 24. Raf1 Rh7 25. Ke2 c5 26. b4 b6 27. bxc5 bxc5 28. Ba4 Rb8 29. Kd3 Rb2 30. R3f2 Rxf2 31. Bxf2 f5 32. Rb1 fxe4+ 33. Kxe4 Rf7 34. Be3 Nf5 35. Bg5 Ng3+ 36. Kd3 Rf2 37. Rb7 Bf6 38. Bd7+ Ke5 39. Bc1 Bd8 40. Bb2+ Kf4 41. Bc6 Nf5 42. Bc1+ Ke5 43. Rxa7 Nh4 44. Be3 Rb2 45. Ra8 Be7 46. Re8 Kf6 47. Rxe7 Kxe7 48. Bg5+ Ke6 49. Bxh4 Rxa2 50. Bd5+ Kf5 51. Be4+ Ke6 52. Be1 Kf6 53. Bd2 Ra3+ 54. Bc3+ Kg5 55. g3 Rb3 56. Kc2 Rb6 57. Bd2+ Kf6 58. h4 Ra6 59. Bc3+ Kf7 60. g4 Ra3 61. Bd5+ Kf8 62. h5 1-0

[Event "Hamburger Liga Aufstieg"]
[Site "Hamburg"]
[Date "2009.08.09"]
[Round "2.5"]
[White "Soltau, Achim"]
[Black "Sternberg, Lew"]
[Result "0-1"]
[WhiteElo "1955"]
[BlackElo "2053"]
[PlyCount "46"]
[EventDate "2009.08.08"]
[EventType "swiss"]
[EventRounds "6"]
[EventCountry "GER"]
[SourceTitle "EXT 2022"]
[Source "ChessBase"]
[SourceDate "2021.10.06"]
[SourceVersion "1"]
[SourceVersionDate "2021.10.06"]
[SourceQuality "1"]

1. c4 e5 2. e3 Nc6 3. Nc3 f5 4. Nf3 d6 5. d4 e4 6. Nd2 Nf6 7. Be2 g6 8. b4 Bd7 9. b5 Ne7 10. a4 Bg7 11. 0-0 g5 12. f3 d5 13. fxe4 dxe4 14. Ba3 Ng6 15. Rc1 h5 16. Nd5 Ng4 17. Be7 Nxe7 18. Bxg4 hxg4 19. Nxe4 Nxd5 20. cxd5 Qe7 21. Nc5 Qxe3+ 22. Kh1 0-0-0 23. Qc2 Rxh2+ 0-1

[Event "Hamburger Liga Aufstieg"]
[Site "Hamburg"]
[Date "2009.08.08"]
[Round "1.7"]
[White "Sternberg, Lew"]
[Black "Zippert, Georg"]
[Result "1-0"]
[WhiteElo "2053"]
[BlackElo "1881"]
[PlyCount "59"]
[EventDate "2009.08.08"]
[EventType "swiss"]
[EventRounds "6"]
[EventCountry "GER"]
[SourceTitle "EXT 2022"]
[Source "ChessBase"]
[SourceDate "2021.10.06"]
[SourceVersion "1"]
[SourceVersionDate "2021.10.06"]
[SourceQuality "1"]

1. e4 e5 2. Nc3 Nf6 3. f4 d6 4. h3 Nc6 5. d3 g6 6. Nf3 Bg7 7. Ne2 b6 8. c3 Bd7 9. g3 Qe7 10. Bg2 exf4 11. Bxf4 Ne5 12. Qd2 Bc6 13. 0-0-0 Nfd7 14. Nfd4 Bb7 15. Nb5 Qd8 16. d4 a6 17. dxe5 dxe5 18. Bg5 f6 19. Bh6 Bxh6 20. Qxh6 axb5 21. Qg7 Rf8 22. Qxh7 Qe7 23. Qxg6+ Qf7 24. Qf5 Rxa2 25. Kb1 Ra4 26. Rd2 Qh7 27. Qe6+ Qe7 28. Qg4 Qh7 29. Rhd1 Bc6 30. Qe6+ 1-0

[Event "Harburg-chB 5th"]
[Site "Hamburg"]
[Date "2007.07.07"]
[Round "3"]
[White "Sternberg, Lew"]
[Black "Schoengart, Ralf"]
[Result "1-0"]
[WhiteElo "2057"]
[BlackElo "2128"]
[PlyCount "53"]
[EventDate "2007.07.06"]
[EventType "tourn"]
[EventRounds "5"]
[EventCountry "GER"]
[SourceTitle "EXT 2008"]
[Source "ChessBase"]
[SourceDate "2007.11.25"]
[SourceVersion "1"]
[SourceVersionDate "2007.11.25"]
[SourceQuality "1"]

1. e4 c6 2. d3 d5 3. Bd2 Nd7 4. Nc3 Ngf6 5. f4 dxe4 6. dxe4 e5 7. Nf3 exf4 8. Bxf4 Qb6 9. Qd2 Bb4 10. 0-0-0 0-0 11. Ng5 Qa5 12. Bc4 h6 13. h4 Nb6 14. Bb3 Bg4 15. Qd3 Bxc3 16. bxc3 Qa3+ 17. Kb1 hxg5 18. hxg5 Nh5 19. Rxh5 Bxh5 20. Rh1 Rfd8 21. Qh3 Rd1+ 22. Rxd1 Bxd1 23. g6 Kf8 24. Bg5 Qxb3+ 25. axb3 fxg6 26. Qe6 Be2 27. Be7+ 1-0

[Event "Harburg-chB 5th"]
[Site "Hamburg"]
[Date "2007.07.06"]
[Round "1"]
[White "Sternberg, Lew"]
[Black "Schiele, Lars"]
[Result "1-0"]
[WhiteElo "2057"]
[BlackElo "1958"]
[PlyCount "65"]
[EventDate "2007.07.06"]
[EventType "tourn"]
[EventRounds "5"]
[EventCountry "GER"]
[SourceTitle "EXT 2008"]
[Source "ChessBase"]
[SourceDate "2007.11.25"]
[SourceVersion "1"]
[SourceVersionDate "2007.11.25"]
[SourceQuality "1"]

1. e4 e5 2. Nc3 Bb4 3. f4 d6 4. Nf3 Nd7 5. Bc4 Ngf6 6. d4 Nxe4 7. Qd3 0-0 8. Qxe4 Nf6 9. Qe3 Ng4 10. Qd2 e4 11. Ng5 d5 12. Be2 h6 13. Nh3 e3 14. Qd3 Qh4+ 15. Kd1 Bxc3 16. bxc3 Re8 17. f5 Re4 18. Bxg4 Qxg4+ 19. Qe2 Qxf5 20. Bxe3 Qf6 21. Qf2 Bg4+ 22. Kc1 Qe7 23. Kd2 Re8 24. Rae1 Qa3 25. Qg3 f5 26. Nf4 g5 27. Nxd5 f4 28. Nxf4 Bf5 29. Nd5 R4e6 30. Bxg5 hxg5 31. Qxg5+ Bg6 32. Nf6+ Rxf6 33. Qxf6 1-0

[Event "Hamburg Koenigsspringer Elo op 5th"]
[Site "Hamburg"]
[Date "2007.05.20"]
[Round "7"]
[White "Becker Bertau, Friedrich"]
[Black "Sternberg, Lew"]
[Result "0-1"]
[WhiteElo "1954"]
[BlackElo "2066"]
[PlyCount "52"]
[EventDate "2007.05.17"]
[EventType "swiss"]
[EventRounds "7"]
[EventCountry "GER"]
[SourceTitle "EXT 2009"]
[Source "ChessBase"]
[SourceDate "2008.11.26"]
[SourceVersion "1"]
[SourceVersionDate "2008.11.26"]
[SourceQuality "1"]

1. d4 d5 2. c4 dxc4 3. Nc3 e5 4. dxe5 Qxd1+ 5. Kxd1 Be6 6. Nf3 Nc6 7. e4 Bc5 8. Nd5 0-0-0 9. Bxc4 Na5 10. Bd3 Bxf2 11. Ke2 Bb6 12. Nxb6+ axb6 13. Be3 Ne7 14. Rhc1 Kb8 15. b4 Nac6 16. b5 Na5 17. h3 h6 18. Rc2 Ng6 19. Rac1 Rd7 20. Bd4 Nf4+ 21. Ke3 Nxd3 22. Kxd3 c5 23. bxc6 bxc6 24. Rb1 Kc7 25. Rxb6 Rxd4+ 26. Nxd4 Kxb6 0-1

[Event "Hamburg Koenigsspringer Elo op 5th"]
[Site "Hamburg"]
[Date "2007.05.18"]
[Round "3"]
[White "Sternberg, Lew"]
[Black "Juergens, Bernhard"]
[Result "0-1"]
[WhiteElo "2066"]
[BlackElo "2119"]
[PlyCount "43"]
[EventDate "2007.05.17"]
[EventType "swiss"]
[EventRounds "7"]
[EventCountry "GER"]
[SourceTitle "EXT 2009"]
[Source "ChessBase"]
[SourceDate "2008.11.26"]
[SourceVersion "1"]
[SourceVersionDate "2008.11.26"]
[SourceQuality "1"]

1. e4 e6 2. d3 d5 3. Bd2 dxe4 4. dxe4 e5 5. Nf3 Bd6 6. Bc3 Qe7 7. Bc4 Nf6 8. Qe2 0-0 9. Nbd2 c6 10. a4 a5 11. Nh4 g6 12. Qe3 Be6 13. 0-0-0 Nbd7 14. h3 Rfb8 15. Qg5 b5 16. Bxe6 Qxe6 17. f4 b4 18. Nc4 bxc3 19. Rxd6 Qxc4 20. b3 Qc5 21. Nf5 Nxe4 22. Ne7+ 0-1

[Event "Hamburg HSK Elo op 5th"]
[Site "Hamburg"]
[Date "2007.04.29"]
[Round "3.2"]
[White "Sternberg, Lew"]
[Black "Lindinger, Markus"]
[Result "0-1"]
[WhiteElo "2066"]
[BlackElo "2307"]
[PlyCount "70"]
[EventDate "2007.04.28"]
[EventType "swiss"]
[EventRounds "7"]
[EventCountry "GER"]
[SourceTitle "EXT 2009"]
[Source "ChessBase"]
[SourceDate "2008.11.26"]
[SourceVersion "1"]
[SourceVersionDate "2008.11.26"]
[SourceQuality "1"]

1. e4 c5 2. Nc3 Nc6 3. f4 g6 4. Bc4 Bg7 5. Nf3 e6 6. 0-0 Nge7 7. d3 0-0 8. Qe1 d5 9. Bb3 Nd4 10. Qh4 b5 11. f5 gxf5 12. Bh6 Nxf3+ 13. Rxf3 dxe4 14. Bxg7 Kxg7 15. Rh3 Ng6 16. Qh6+ Kf6 17. dxe4 c4 18. exf5 exf5 19. Re3 Be6 20. g4 f4 21. Ne4+ Ke7 22. Qg5+ f6 23. Qc5+ Kf7 24. Nd6+ Qxd6 25. Qxd6 fxe3 26. Re1 Rad8 27. Qc5 cxb3 28. axb3 Ne5 29. Rxe3 Rd1+ 30. Kf2 Rfd8 31. h3 R8d2+ 32. Kg3 Rg1+ 33. Kh4 Ng6+ 34. Kh5 Rd5+ 35. Re5 Rxe5+ 0-1

[Event "Hamburg HSK Elo op 5th"]
[Site "Hamburg"]
[Date "2007.04.28"]
[Round "2.11"]
[White "Koepcke, Klaus Peter"]
[Black "Sternberg, Lew"]
[Result "0-1"]
[WhiteElo "1995"]
[BlackElo "2066"]
[PlyCount "88"]
[EventDate "2007.04.28"]
[EventType "swiss"]
[EventRounds "7"]
[EventCountry "GER"]
[SourceTitle "EXT 2009"]
[Source "ChessBase"]
[SourceDate "2008.11.26"]
[SourceVersion "1"]
[SourceVersionDate "2008.11.26"]
[SourceQuality "1"]

1. d4 d5 2. c4 e6 3. Nc3 c5 4. Nf3 dxc4 5. e3 Nf6 6. Bxc4 Nc6 7. 0-0 a6 8. d5 Na5 9. b3 b5 10. Bd3 exd5 11. e4 d4 12. e5 Nd5 13. Nxd5 Qxd5 14. Qe1 Nc6 15. Be4 Qd7 16. e6 fxe6 17. Ne5 Nxe5 18. Bxa8 Bd6 19. f4 Ng4 20. Qh4 Nf6 21. Bb2 Be7 22. Qg3 0-0 23. Rad1 Qc7 24. Qe1 Ng4 25. Bc1 c4 26. Kh1 Rd8 27. Rf3 Bc5 28. Be4 Qe7 29. Bd2 Nf6 30. Ba5 Rf8 31. Rf1 Ng4 32. Rf3 Ne3 33. Rc1 c3 34. Rh3 h6 35. Qg3 e5 36. Rxh6 Bf5 37. Bf3 exf4 38. Qxf4 gxh6 39. Qxh6 Ba3 40. Re1 Qf6 41. Qh5 Bg6 42. Qh6 Bf5 43. Qh5 Bg4 44. Bd5+ Kg7 0-1

[Event "Harburg-chB 4th"]
[Site "Hamburg"]
[Date "2006.08.12"]
[Round "2"]
[White "Dettmann, Steffen"]
[Black "Sternberg, Lew"]
[Result "0-1"]
[WhiteElo "2100"]
[BlackElo "2072"]
[PlyCount "48"]
[EventDate "2006.08.??"]
[EventType "tourn"]
[EventRounds "5"]
[EventCountry "GER"]
[SourceTitle "EXT 2008"]
[Source "ChessBase"]
[SourceDate "2007.11.25"]
[SourceVersion "1"]
[SourceVersionDate "2007.11.25"]
[SourceQuality "1"]

1. e4 c5 2. Nf3 Nc6 3. Nc3 e6 4. d4 cxd4 5. Nxd4 a6 6. Nb3 Qc7 7. Be3 b5 8. a4 b4 9. Ne2 Ne5 10. Ng3 Nf6 11. Qe2 Bb7 12. 0-0-0 Rc8 13. f4 Ng6 14. Rd4 Ng4 15. Bg1 Nxf4 16. Qd2 Ng6 17. Kb1 N6e5 18. h3 Nc6 19. hxg4 Nxd4 20. Nxd4 Qxg3 21. Rh3 Qxg4 22. g3 Bc5 23. Rh4 Qxg3 24. Bf2 Qd6 0-1

[Event "Hamburg League qual"]
[Site "Hamburg"]
[Date "2005.08.14"]
[Round "1"]
[White "Stepien, Tomasz"]
[Black "Sternberg, Lew"]
[Result "0-1"]
[WhiteElo "1145"]
[BlackElo "1909"]
[PlyCount "64"]
[EventDate "2005.08.14"]
[EventType "swiss"]
[EventRounds "7"]
[EventCountry "GER"]
[SourceTitle "EXT 2006"]
[Source "ChessBase"]
[SourceDate "2005.11.24"]
[SourceVersion "1"]
[SourceVersionDate "2005.11.24"]
[SourceQuality "1"]

1. d4 d5 2. c4 c6 3. Nc3 Nf6 4. e3 e6 5. a3 Bd6 6. Nf3 Nbd7 7. Bd3 0-0 8. c5 Bc7 9. 0-0 e5 10. dxe5 Nxe5 11. Nxe5 Bxe5 12. Re1 Qa5 13. Bd2 Qxc5 14. Rc1 Qb6 15. Qc2 Be6 16. f4 Bd6 17. Ne2 Rfe8 18. Bc3 Qxe3+ 19. Kh1 Ng4 20. Rf1 Nf2+ 21. Rxf2 Qxf2 22. Bxh7+ Kh8 23. Rd1 Bg4 24. Bxg7+ Kxg7 25. Qc3+ Kxh7 26. Qd3+ f5 27. h3 Rxe2 28. Rg1 Re3 29. Rf1 Re1 30. hxg4 Rxf1+ 31. Kh2 Bxf4+ 32. Kh3 Rh1# 0-1